书目信息 |
| 题名: |
中国回忆录(1921-1927)
|
|
| 作者: | 达林 著 ;侯均初 译 | |
| 分册: | ||
| 出版信息: | 北京 中国社会科学出版社 1981 |
|
| 页数: | 329页 | |
| 开本: | 19cm | |
| 丛书名: | ||
| 单 册: | ||
| 中图分类: | K260.66 , I251 | |
| 科图分类: | ||
| 主题词: | 史料--中国--1921~1927 , 报告文学--中国 , 传记文学--中国 | |
| 电子资源: | ||
| ISBN: | ||
| 000 | 00724nam0 2200265 450 | |
| 001 | 1569147024 | |
| 005 | 20150125191306.04 | |
| 010 | @dCNY1.00 | |
| 091 | @a11190.065 | |
| 100 | @a19950613d1981 em y0chiy0110 ea | |
| 101 | 1 | @achi@crus |
| 102 | @aCN@b110000 | |
| 105 | @ay z 000yy | |
| 200 | 1 | @a中国回忆录(1921-1927)@9zhong guo hui yi lu(1921-1927)@f(苏)达林著@g侯均初译 |
| 210 | @a北京@c中国社会科学出版社@d1981 | |
| 215 | @a329页@d19cm | |
| 606 | 0 | @a史料@y中国@z1921~1927 |
| 606 | 0 | @a报告文学@x中国 |
| 606 | 0 | @a传记文学@x中国 |
| 690 | @aK260.66@v5 | |
| 690 | @aI251@v4 | |
| 701 | 1 | @a达林@9da lin@4著 |
| 702 | 0 | @a侯均初@9hou jun chu@4译 |
| 801 | 0 | @aCN@bTSSF@c20150125 |
| 905 | @aZUCC@dI251@eJY27 | |
| 中国回忆录(1921-1927)/(苏)达林著/侯均初译.-北京:中国社会科学出版社,1981 |
| 329页;19cm |
| ISBN :CNY1.00 |
| ● |
| 相关链接 |
|
|
|
|
正题名:中国回忆录(1921-1927)
索取号:I251/JY27
 
预约/预借
| 序号 | 登录号 | 条形码 | 馆藏地/架位号 | 状态 | 备注 |
| 1 | 7854635 | 278546352 | 学院路分馆/ [索取号:I251/JY27] | 在馆 | |
| 2 | 7854636 | 278546361 | 学院路分馆/ [索取号:I251/JY27] | 在馆 |